[Event "POL-ch blind"]
[Site "Ustron"]
[Date "2019.03.14"]
[Round "5"]
[White "Pawlik, Tomasz"]
[Black "Rekawek, Symon"]
[Result "1/2-1/2"]
[WhiteElo "1662"]
[BlackElo "1456"]
[PlyCount "58"]
[EventDate "2019.03.11"]
[EventType "swiss"]
[EventRounds "9"]
[EventCountry "POL"]
[SourceTitle "EXT 2020"]
[Source "ChessBase"]
[SourceDate "2019.10.17"]
[SourceVersion "1"]
[SourceVersionDate "2019.10.17"]
[SourceQuality "1"]

1. e4 e5 2. Nf3 Nc6 3. Bc4 Bc5 4. c3 Be7 5. 0-0 Nf6 6. Re1 d6 7. d4 0-0 8. Nbd2 Bg4 9. h3 Bh5 10. d5 Nb8 11. Nf1 h6 12. Ng3 Bg6 13. Bd3 Nbd7 14. Nh4 Nh7 15. Nxg6 fxg6 16. Be3 g5 17. Nf5 Nhf6 18. b4 Kh7 19. c4 b6 20. Qd2 Nh5 21. Be2 Nf4 22. Kh2 g6 23. Ng3 h5 24. Bf3 Nf6 25. Qd1 Qd7 26. Bxf4 gxf4 27. Nh1 Kg7 28. Rg1 Rh8 29. g4 h4 1/2-1/2

[Event "POL-ch blind"]
[Site "Ustron"]
[Date "2019.03.13"]
[Round "4"]
[White "Kaczorowski, Boguslaw"]
[Black "Rekawek, Symon"]
[Result "0-1"]
[WhiteElo "1449"]
[BlackElo "1456"]
[PlyCount "38"]
[EventDate "2019.03.11"]
[EventType "swiss"]
[EventRounds "9"]
[EventCountry "POL"]
[SourceTitle "EXT 2020"]
[Source "ChessBase"]
[SourceDate "2019.10.17"]
[SourceVersion "1"]
[SourceVersionDate "2019.10.17"]
[SourceQuality "1"]

1. e4 c5 2. Nf3 Nc6 3. d4 cxd4 4. Nxd4 Nf6 5. Nc3 a6 6. Nf3 d6 7. Bd3 e6 8. 0-0 Be7 9. h3 0-0 10. Be3 b5 11. Re1 Qc7 12. Nh2 Ne5 13. f4 Nxd3 14. cxd3 Bb7 15. Rc1 Qd7 16. e5 dxe5 17. fxe5 Nd5 18. Nxd5 Qxd5 19. d4 Qxg2# 0-1